Economía de la empresa agraria (Registro nro. 8338)

Detalles MARC
000 -LEADER
fixed length control field 01328 a2200253 4500
001 - CONTROL NUMBER
control field 63829
005 - DATE AND TIME OF LATEST TRANSACTION
control field 20260407155938.0
008 - FIXED-LENGTH DATA ELEMENTS--GENERAL INFORMATION
fixed length control field 260407a1973 arg spa d
003 - CONTROL NUMBER IDENTIFIER
control field AR-UNSa-BCEJYS
040 ## - CATALOGING SOURCE
Original cataloging agency AR-UNSa-BCEJYS
Language of cataloging spa
Transcribing agency AR-UNSa-BCEJYS
080 ## - UNIVERSAL DECIMAL CLASSIFICATION NUMBER
Universal Decimal Classification number 338.43
Common auxiliary subdivision Agricultura como una rama de la economía. Economía de los productos alimenticios
020 ## - INTERNATIONAL STANDARD BOOK NUMBER
International Standard Book Number 978-84-7114-038-8
041 ## - LANGUAGE CODE
Language code of text/sound track or separate title spa
100 1# - MAIN ENTRY--PERSONAL NAME
Personal name Cordonnier, Pierre
245 10 - TITLE STATEMENT
Title Economía de la empresa agraria
264 #1 - PRODUCTION, PUBLICATION, DISTRIBUTION, MANUFACTURE, AND COPYRIGHT NOTICE
Place of production, publication, distribution, manufacture Madrid :
Name of producer, publisher, distributor, manufacturer Ediciones Mundi-Prensa
Date of production, publication, distribution, manufacture, or copyright notice 1973
300 ## - PHYSICAL DESCRIPTION
Extent 506 p.
Dimensions 22 cm.
505 ## - FORMATTED CONTENTS NOTE
Formatted contents note 1. La contabilidad de la empresa agrícola - 2. Obtención y recogida de los datos técnicos - 3. El análisis comparativo - 4. El análisis de márgenes - 5. Análisis de los costos de producción - 6. El análisis factorial - 7. El análisis aislado de los factores - 8. La decisión en la empresa - 9. Teoría de la producción agrícola - 10. Presupuestos clásicos - 11. Modelos lineales de decisión - 12. Selección de las inversiones - 13. Modelización e incertidumbre - 14. Modelos de programación lineal para empresas de regadío. Problemas específicos y complementos.
590 ## - LOCAL NOTE (RLIN)
Local note niveau_biblio:m niveau_hierar:0
700 1# - ADDED ENTRY--PERSONAL NAME
Personal name Carles, Roland
700 1# - ADDED ENTRY--PERSONAL NAME
Personal name Castilla Simarro, J.L.
700 1# - ADDED ENTRY--PERSONAL NAME
Personal name Marsal, Pierre
942 ## - ADDED ENTRY ELEMENTS (KOHA)
Koha item type
Existencias
Withdrawn status Lost status Damaged status Not for loan Home library Current library Shelving location Date acquired Total checkouts Full call number Barcode Date last seen Price effective from Koha item type
        Biblioteca Prof. Eusebio Cleto del Rey Biblioteca Prof. Eusebio Cleto del Rey   07/04/2026   338.43 C796 L28633 07/04/2026 07/04/2026 Libro